Η συμβολή των γεωργικών εκμεταλλεύσεων μερικής απασχόλησης στην οικονομική και κοινωνική ανάπτυξη της υπαίθρου σε σύγκριση με τις εκμεταλλεύσεις πλήρους απασχόλησης : η περίπτωση της Βοιωτίας : διδακτορική διατριβή
Αποθηκεύτηκε σε:
| Κύριος συγγραφέας: | |
|---|---|
| Συγγραφή απο Οργανισμό/Αρχή: | |
| Άλλοι συγγραφείς: | |
| Μορφή: | Thesis Βιβλίο |
| Γλώσσα: | Greek |
| Δημοσίευση: |
Θεσσαλονίκη :
Αριστοτέλειο Πανεπιστήμιο Θεσσαλονίκης, Σχολή Γεωτεχνικών Επιστημών, Τμήμα Γεωπονίας, Τομέας Αγροτικής Οικονομίας,
1994.
|
| Θέματα: | |
| Ετικέτες: |
Προσθήκη ετικέτας
Δεν υπάρχουν, Καταχωρήστε ετικέτα πρώτοι!
|
MARC
| LEADER | 00000cam a2200000 i 4500 | ||
|---|---|---|---|
| 001 | 1/11150 | ||
| 008 | 000908s1994 gre d | ||
| 035 | |l 10063721 | ||
| 040 | |a GR-MY-UA |b gre |e aacr | ||
| 041 | 0 | |a gre | |
| 082 | 0 | |a 338.1 |2 (22) | |
| 100 | 1 | |a Λούμου, Αγγελική. | |
| 245 | 1 | 2 | |a Η συμβολή των γεωργικών εκμεταλλεύσεων μερικής απασχόλησης στην οικονομική και κοινωνική ανάπτυξη της υπαίθρου σε σύγκριση με τις εκμεταλλεύσεις πλήρους απασχόλησης : |b η περίπτωση της Βοιωτίας : διδακτορική διατριβή / |c Αγγελική Γ. Λούμου ; επιβλέπων Χ. Ζιωγάνα. |
| 260 | |a Θεσσαλονίκη : |b Αριστοτέλειο Πανεπιστήμιο Θεσσαλονίκης, Σχολή Γεωτεχνικών Επιστημών, Τμήμα Γεωπονίας, Τομέας Αγροτικής Οικονομίας, |c 1994. | ||
| 300 | |a 320 σ. ; |b πιν. ; |c 30 εκ. | ||
| 502 | |a Διατριβή (διδακτορική) - Αριστοτέλειο Πανεπιστήμιο Θεσσαλονίκης, Θεσσαλονίκη, 1994. | ||
| 504 | |a Βιβλιογραφία: σ. 233-240. | ||
| 650 | 0 | 0 | |a Agricultural surveys. |
| 650 | 0 | |a Agriculture |z Greece |z Voiotia. | |
| 650 | 0 | |a Farmers |z Greece |z Voiotia. | |
| 650 | 0 | |a Farm management |z Greece |z Voiotia. | |
| 650 | 0 | |a Farmers |x Supplementary employment |z Greece |z Voiotia. | |
| 650 | 0 | |a Agriculture |x Economic aspects |z Greece |z Voiotia. | |
| 650 | 0 | 0 | |a Dissertations, Academic |z Greece. |
| 700 | 1 | |a Ζιωγάνας, Χ. |4 ths | |
| 710 | 2 | |a Αριστοτέλειο Πανεπιστήμιο Θεσσαλονίκης. | |
| 852 | |a INST |b LESVOS |c DIATROTHER |e 20000908 |h 47 |p 005100027469 |q 005100027469 |t PHD |y 23 | ||
| 852 | |a INST |b LESVOS |c DIATROTHER |e 20000908 |h 48 |p 005100027468 |q 005100027468 |t PHD |y 23 | ||
| 901 | |a BIBL1-2000-3 | ||
| 909 | |a Λ |b 080944 | ||
| 909 | |a Λ |b 080945 | ||
| 970 | |a ΚΑΜΑΤΣΟΥ |b ΔΕΣΠΟΙΝΑ |z 2000/09/08 | ||